[Event "Memorial Kurnosov 2018 Rapid"]
[Site "?"]
[Date "2018.09.08"]
[Round "5.8"]
[White "Kryakvin, Dmitry"]
[Black "Bezgodov, Alexei"]
[Result "1/2-1/2"]
[WhiteElo "2588"]
[BlackElo "2455"]
[PlyCount "80"]
[EventDate "2018.??.??"]
[EventType "rapid"]

1. d4 Nf6 2. Bg5 d5 3. e3 c6 4. Nd2 Bf5 5. Bxf6 exf6 6. Ngf3 Bd6 7. a3 O-O 8.
c4 dxc4 9. Nxc4 Bc7 10. Bd3 Bxd3 11. Qxd3 Nd7 12. O-O Ne5 13. Qe2 Nxf3+ 14.
Qxf3 Re8 15. Rfd1 Rc8 16. g3 Bb8 17. Rac1 g6 18. b4 f5 19. Na5 Qe7 20. d5 cxd5
21. Qxd5 Rxc1 22. Rxc1 Be5 23. Rd1 Bb2 24. Nc4 Bf6 25. Na5 Bb2 26. Rd3 Rb8 27.
Qc5 Qxc5 28. bxc5 b6 29. Rb3 Bf6 30. Nc4 b5 31. Nd6 Be7 32. Rd3 b4 33. axb4
Rxb4 34. Ra3 Rb1+ 35. Kg2 Bxd6 36. cxd6 Rd1 37. Ra6 Kg7 38. h3 Kf6 39. d7+ Ke7
40. Rxa7 Rxd7 1/2-1/2

[Event "Memorial Kurnosov 2018 Rapid"]
[Site "?"]
[Date "2018.09.08"]
[Round "5.9"]
[White "Rashkovsky, Nukhim N"]
[Black "Andreikin, Dmitry"]
[Result "0-1"]
[WhiteElo "2433"]
[BlackElo "2731"]
[PlyCount "115"]
[EventDate "2018.??.??"]
[EventType "rapid"]

1. Nc3 d5 2. d3 Bg4 3. h3 Bh5 4. g4 Bg6 5. Bg2 c6 6. f4 e6 7. Nf3 Na6 8. e4
dxe4 9. dxe4 Qxd1+ 10. Kxd1 O-O-O+ 11. Ke2 f6 12. Be3 Bc5 13. Bxc5 Nxc5 14. Ke3
Ne7 15. Rad1 a5 16. a3 Rhe8 17. Nd4 Bf7 18. Nde2 e5 19. Rxd8+ Rxd8 20. Rd1
exf4+ 21. Nxf4 Re8 22. b4 axb4 23. axb4 Nd7 24. b5 Ne5 25. bxc6 bxc6 26. Ra1
Kb7 27. Nd3 Ra8 28. Rxa8 Kxa8 29. Nxe5 fxe5 30. Ne2 g5 31. Ng1 Ng6 32. Bf1 Kb7
33. Nf3 h6 34. Nd2 Kc7 35. Bc4 Be8 36. Bg8 Kd6 37. Nc4+ Kc5 38. Kd3 Kb4 39. Nd6
Nf4+ 40. Kd2 Bg6 41. Bf7 Bh7 42. Ke3 Kc3 43. Nc4 Ng2+ 44. Kf2 Nh4 45. Nxe5 Bxe4
46. Ke3 Bh1 47. Be8 c5 48. Nf7 Ng2+ 49. Kf2 Nf4 50. Nxh6 Kxc2 51. Nf7 c4 52.
Nxg5 Kd2 53. h4 c3 54. Ba4 Nd3+ 55. Kg1 Bc6 56. h5 Nc5 57. h6 Nxa4 58. Kf1 0-1

[Event "Memorial Kurnosov 2018 Rapid"]
[Site "?"]
[Date "2018.09.08"]
[Round "5.10"]
[White "Smirnov, Alexey"]
[Black "Chigaev, Maksim"]
[Result "0-1"]
[WhiteElo "2428"]
[BlackElo "2678"]
[PlyCount "98"]
[EventDate "2018.??.??"]
[EventType "rapid"]

1. d4 Nf6 2. c4 g6 3. Nc3 Bg7 4. e4 d6 5. Nf3 O-O 6. Be2 Na6 7. O-O e5 8. Be3
c6 9. d5 Ng4 10. Bg5 f6 11. Bd2 c5 12. a3 Nh6 13. Rb1 Bd7 14. b4 b6 15. Bd3 Nf7
16. Qc2 Qe7 17. Rfe1 Bh6 18. Bxh6 Nxh6 19. Qc1 Kg7 20. b5 Nc7 21. a4 f5 22.
exf5 gxf5 23. Qg5+ Qxg5 24. Nxg5 Kg6 25. f4 e4 26. Bc2 Kg7 27. a5 Ng4 28. Ra1
h6 29. Nh3 Rfb8 30. Nf2 h5 31. Nh3 bxa5 32. Rab1 Rb7 33. Ng5 Nf6 34. Rb2 Rab8
35. Ra2 a6 36. bxa6 Nxa6 37. Rxa5 Nb4 38. Bb1 h4 39. g3 hxg3 40. hxg3 Rh8 41.
Kg2 Ng4 42. Kg1 Rh2 43. Ra8 Rd2 44. Bxe4 fxe4 45. Ncxe4 Nd3 46. Rea1 Rdb2 47.
Nxd6 Ne3 48. R8a2 Ra7 49. Ne6+ Kg8 0-1

[Event "Memorial Kurnosov 2018 Rapid"]
[Site "?"]
[Date "2018.09.08"]
[Round "6.1"]
[White "Iljiushenok, Ilia"]
[Black "Artemiev, Vladislav"]
[Result "0-1"]
[WhiteElo "2572"]
[BlackElo "2733"]
[PlyCount "118"]
[EventDate "2018.??.??"]
[EventType "rapid"]

1. e4 c6 2. d4 d5 3. e5 Bf5 4. h4 h5 5. Bd3 Bxd3 6. Qxd3 Qa5+ 7. Nd2 e6 8. Ne2
Ne7 9. c3 Qa6 10. Qc2 c5 11. Nf3 cxd4 12. cxd4 Nbc6 13. O-O Rc8 14. Qd1 Nf5 15.
Bg5 Be7 16. Ng3 Bxg5 17. Nxf5 Be7 18. Nxe7 Nxe7 19. Qd2 Nf5 20. Rac1 Kd7 21. a3
f6 22. Rfe1 Qb5 23. g3 Rxc1 24. Rxc1 Rc8 25. Rxc8 Kxc8 26. Kg2 Qc4 27. exf6
gxf6 28. Qd1 Kd7 29. Kh3 Qb5 30. b3 Qa5 31. a4 Qc3 32. Kg2 Qe3 33. Kg1 Qe4 34.
Kg2 Ke7 35. Kg1 Kf8 36. Kh2 Kg7 37. Kg1 Qg4 38. Qd3 Qe4 39. Qd1 Kg6 40. Kh2 Nh6
41. Kg1 Ng4 42. Nh2 Qh1+ 43. Kxh1 Nxf2+ 44. Kg2 Nxd1 45. Nf1 e5 46. Kf3 Kf5 47.
Ke2 Nc3+ 48. Kd3 Ne4 49. Ne3+ Ke6 50. Nf1 Nd6 51. dxe5 fxe5 52. Ke3 d4+ 53. Kf3
Kf5 54. Nd2 e4+ 55. Kg2 e3 56. Nf3 d3 57. Kf1 Ne4 58. Kg2 d2 59. Nd4+ Kf6 0-1

[Event "Memorial Kurnosov 2018 Rapid"]
[Site "?"]
[Date "2018.09.08"]
[Round "6.2"]
[White "Morozevich, Alexander"]
[Black "Yudin, Sergei"]
[Result "0-1"]
[WhiteElo "2614"]
[BlackElo "2641"]
[PlyCount "116"]
[EventDate "2018.??.??"]
[EventType "rapid"]

1. e4 d6 2. d4 Nf6 3. Nc3 e5 4. Nf3 Nbd7 5. Bc4 Be7 6. O-O O-O 7. Re1 c6 8. a4
a5 9. h3 h6 10. Be3 Re8 11. d5 Nb6 12. Bb3 cxd5 13. exd5 Bd7 14. Qd3 Nh7 15.
Nb5 Kh8 16. Nxe5 dxe5 17. d6 Bg5 18. Nc7 Bxe3 19. Qxe3 Ra6 20. Bxf7 Rf8 21. Bb3
Ng5 22. Qxe5 Ra7 23. h4 Nh7 24. Qd4 Nc8 25. Re7 Nxe7 26. dxe7 Qxe7 27. Qxa7 Bc6
28. Nd5 Qxh4 29. Qc5 Rf5 30. Ne7 Qg5 31. Bd5 Bxd5 32. Nxd5 Rxd5 33. Qc8+ Rd8
34. Qxb7 Nf6 35. b4 Qe5 36. Rb1 Ng4 37. g3 Rf8 38. Rf1 axb4 39. Qxb4 Qf5 40. f3
Ne5 41. f4 Ng4 42. Re1 Rc8 43. Qb5 Qxc2 44. Re2 Qd1+ 45. Kg2 Nf6 46. a5 Ra8 47.
Ra2 Qd5+ 48. Qxd5 Nxd5 49. Kf3 Ra6 50. Ra3 Ne7 51. Ke4 Kg8 52. g4 Kf7 53. g5
hxg5 54. fxg5 Kg6 55. Ra1 Nc6 56. Rc1 Nxa5 57. Ra1 Kxg5 58. Kd5 Nc6 0-1

[Event "Memorial Kurnosov 2018 Rapid"]
[Site "?"]
[Date "2018.09.08"]
[Round "6.3"]
[White "Andreikin, Dmitry"]
[Black "Goganov, Aleksey"]
[Result "1-0"]
[WhiteElo "2731"]
[BlackElo "2544"]
[PlyCount "111"]
[EventDate "2018.??.??"]
[EventType "rapid"]

1. Nf3 d5 2. e3 Nf6 3. c4 e6 4. b3 Bd6 5. Bb2 O-O 6. d4 b6 7. Bd3 Bb7 8. O-O
Nbd7 9. Nc3 a6 10. Qc2 Qe7 11. Rfe1 Rfe8 12. Rad1 dxc4 13. Bxc4 b5 14. Bd3 c5
15. Ne4 Bxe4 16. Bxe4 Rac8 17. dxc5 Bxc5 18. Bb7 Rb8 19. Bc6 Rec8 20. Bxd7 Nxd7
21. Qe4 f6 22. h4 Nf8 23. h5 h6 24. Nh4 Bb4 25. Rf1 Bc3 26. Bxc3 Rxc3 27. Ng6
Nxg6 28. hxg6 Rbc8 29. Rd3 R3c5 30. Rfd1 f5 31. Rd8+ Qxd8 32. Qxe6+ Kh8 33.
Rxd8+ Rxd8 34. Qxa6 Rcd5 35. g3 R5d6 36. Qxb5 Rxg6 37. Qxf5 Ra6 38. a4 Rb6 39.
e4 Rxb3 40. e5 Ra3 41. e6 Rxa4 42. e7 Rg8 43. Qe6 Raa8 44. Kg2 Rge8 45. Qf7 Rg8
46. Kh3 Rab8 47. f4 Ra8 48. f5 Rab8 49. Kh4 Ra8 50. g4 Rab8 51. f6 gxf6 52. Kh5
f5 53. gxf5 Rg5+ 54. Kxh6 Rb6+ 55. f6 Rh5+ 56. Qxh5 1-0

[Event "Memorial Kurnosov 2018 Rapid"]
[Site "?"]
[Date "2018.09.08"]
[Round "6.4"]
[White "Lugovskoy, Maxim"]
[Black "Riazantsev, Alexander"]
[Result "0-1"]
[WhiteElo "2512"]
[BlackElo "2687"]
[PlyCount "44"]
[EventDate "2018.??.??"]
[EventType "rapid"]

1. e4 c6 2. d4 d5 3. Nc3 dxe4 4. Nxe4 Bf5 5. Ng3 Bg6 6. Nh3 Nd7 7. Nf4 Qc7 8.
Bc4 e6 9. c3 Ngf6 10. O-O Bd6 11. Qf3 Nb6 12. Bb3 Nbd5 13. Nxg6 hxg6 14. Bg5
Bf4 15. Bxf4 Nxf4 16. Rfe1 O-O-O 17. Re5 Rh4 18. h3 Rdh8 19. c4 Nd7 20. Ree1 g5
21. d5 g4 22. hxg4 Ne2+ 0-1

[Event "Memorial Kurnosov 2018 Rapid"]
[Site "?"]
[Date "2018.09.08"]
[Round "6.5"]
[White "Chigaev, Maksim"]
[Black "Ovetchkin, Roman"]
[Result "1/2-1/2"]
[WhiteElo "2678"]
[BlackElo "2508"]
[PlyCount "106"]
[EventDate "2018.??.??"]
[EventType "rapid"]

1. c4 c6 2. Nf3 d5 3. e3 Nf6 4. Nc3 g6 5. d4 Bg7 6. Be2 O-O 7. O-O Bg4 8. Qb3
Qb6 9. h3 Bxf3 10. Bxf3 e6 11. Rd1 Rd8 12. Be2 Nbd7 13. Bd2 Rac8 14. Rac1 dxc4
15. Bxc4 Qxb3 16. Bxb3 Nd5 17. Ne4 N7f6 18. Nxf6+ Bxf6 19. Be1 Bg5 20. Rd3 h5
21. Rcd1 Rd7 22. g3 Rcd8 23. Kg2 Bf6 24. Bc2 Be7 25. a3 Nc7 26. Kf3 Nb5 27. Ke2
Nd6 28. Bb3 Kg7 29. f3 Nb5 30. Bc4 Nd6 31. Ba2 Nb5 32. Bf2 Bf6 33. f4 Nd6 34.
Kf3 Nb5 35. a4 Nc7 36. Bc4 Nd5 37. Ke2 Nb4 38. R3d2 c5 39. Bb5 Rd6 40. dxc5
Rxd2+ 41. Rxd2 Rxd2+ 42. Kxd2 Bxb2 43. e4 Nc6 44. Kd3 Kf8 45. Bxc6 bxc6 46. Bd4
Bxd4 47. Kxd4 f6 48. e5 f5 49. Kc4 a5 50. Kd3 Kg7 51. Ke3 Kf8 52. Kf3 Ke8 53.
g4 h4 1/2-1/2

[Event "Memorial Kurnosov 2018 Rapid"]
[Site "?"]
[Date "2018.09.08"]
[Round "6.6"]
[White "Zvjaginsev, Vadim"]
[Black "Oparin, Grigoriy"]
[Result "0-1"]
[WhiteElo "2543"]
[BlackElo "2665"]
[PlyCount "104"]
[EventDate "2018.??.??"]
[EventType "rapid"]

1. e4 c6 2. Nf3 d5 3. Nc3 dxe4 4. Nxe4 Nf6 5. Nxf6+ exf6 6. c3 Bd6 7. Qe2+ Kf8
8. d4 h5 9. Be3 Na6 10. Qd2 Nc7 11. Bd3 g6 12. O-O Kg7 13. Bf4 Nd5 14. Bxd6
Qxd6 15. Rfe1 Bg4 16. Nh4 Rad8 17. h3 Be6 18. Bf1 Rhe8 19. g3 a5 20. Nf3 b5 21.
a4 b4 22. c4 Ne7 23. Rad1 Nf5 24. b3 Re7 25. Bg2 Qc7 26. g4 hxg4 27. hxg4 Nh6
28. g5 fxg5 29. Qxg5 Nf5 30. Bh3 Rde8 31. Rxe6 fxe6 32. Ne5 Kg8 33. Ng4 Rf8 34.
d5 cxd5 35. cxd5 exd5 36. Nf6+ Rxf6 37. Qxf6 Qc3 38. Qxc3 bxc3 39. Bf1 Nd4 40.
Bd3 c2 41. Bxc2 Nxc2 42. Rxd5 Rb7 43. Rxa5 Rxb3 44. Rc5 Nd4 45. a5 Ra3 46. Kg2
Kf7 47. Re5 Nc6 48. Rc5 Nxa5 49. f3 Nb3 50. Rc3 Ra2+ 51. Kg3 Nd4 52. Rc4 Ne6
0-1

[Event "Memorial Kurnosov 2018 Rapid"]
[Site "?"]
[Date "2018.09.08"]
[Round "6.7"]
[White "Kokarev, Dmitry"]
[Black "Belyakov, Bogdan"]
[Result "1/2-1/2"]
[WhiteElo "2663"]
[BlackElo "2496"]
[PlyCount "177"]
[EventDate "2018.??.??"]
[EventType "rapid"]

1. e4 e5 2. Nf3 Nc6 3. Bb5 Nf6 4. d3 Bc5 5. Bxc6 dxc6 6. Nbd2 Be6 7. O-O Nd7 8.
b3 Bd6 9. Bb2 c5 10. Nc4 Bxc4 11. bxc4 O-O 12. a4 a5 13. g3 Re8 14. Nh4 Nb8 15.
Nf5 Nc6 16. f4 Qf6 17. Ne3 Qh6 18. Ng4 Qh3 19. f5 Kh8 20. Bc1 Qh5 21. f6 g6 22.
Nh6 Qxd1 23. Nxf7+ Kg8 24. Nh6+ Kf8 25. Rxd1 Re6 26. Rf1 Nd4 27. Rf2 Ke8 28.
Rb1 b6 29. Be3 Kd7 30. c3 Nc6 31. Nf7 Rf8 32. Ng5 Rexf6 33. Rxf6 Rxf6 34. Nxh7
Rf7 35. Ng5 Rf8 36. Kg2 Be7 37. Nf3 Ke6 38. h4 Rd8 39. Rd1 Na7 40. Kf2 c6 41.
Bg5 Bxg5 42. Nxg5+ Ke7 43. Ke3 Rf8 44. Rb1 Nc8 45. Nf3 Ke6 46. Rb2 Rf6 47. Rh2
Nd6 48. h5 gxh5 49. Rxh5 Nf7 50. Rh1 Rg6 51. Rb1 Rxg3 52. Kf2 Rg8 53. Rxb6 Kd6
54. Ra6 Nd8 55. Ra8 Kc7 56. Ra7+ Nb7 57. Ra6 Nd8 58. Nxe5 Kb7 59. Rxa5 Kb6 60.
Ra8 Kb7 61. Rxd8 Rxd8 62. Ke3 Kc7 63. d4 cxd4+ 64. cxd4 Ra8 65. d5 cxd5 66.
exd5 Rxa4 67. c5 Ra6 68. Ke4 Rh6 69. Kf5 Ra6 70. Nd3 Kd7 71. Ke5 Rg6 72. Nf2
Rg5+ 73. Kd4 Rg6 74. Ne4 Ra6 75. Ke5 Ra1 76. Nc3 Re1+ 77. Kd4 Rc1 78. Kc4 Kc7
79. Kb4 Rc2 80. Nb5+ Kd7 81. Nd4 Rc1 82. Kb5 Rb1+ 83. Kc4 Rc1+ 84. Kb4 Rd1 85.
c6+ Kd6 86. Nb5+ Kxd5 87. c7 Rb1+ 88. Ka5 Rc1 89. Kb6 1/2-1/2

[Event "Memorial Kurnosov 2018 Rapid"]
[Site "?"]
[Date "2018.09.08"]
[Round "6.8"]
[White "Lysyj, Igor"]
[Black "Drygalov, Andrey"]
[Result "1-0"]
[WhiteElo "2644"]
[BlackElo "2481"]
[PlyCount "97"]
[EventDate "2018.??.??"]
[EventType "rapid"]

1. d4 Nf6 2. c4 e6 3. Nf3 d5 4. g3 Bb4+ 5. Bd2 Be7 6. Bg2 O-O 7. O-O Nbd7 8.
Qc2 c6 9. a3 b6 10. cxd5 cxd5 11. Rc1 Ba6 12. Bb4 Rc8 13. Nc3 Bb7 14. Qb3 a6
15. e3 Bxb4 16. axb4 b5 17. Ne1 Ne4 18. Nd3 Qe7 19. Nc5 Ndxc5 20. bxc5 Nxc3 21.
Qxc3 f6 22. b4 Kh8 23. Rd1 Rcd8 24. Ra2 Qc7 25. Rc2 Bc6 26. Ra2 Ra8 27. h4 Ra7
28. Rda1 Rfa8 29. Ra5 e5 30. dxe5 fxe5 31. Rd1 Rd8 32. Qa1 e4 33. Rxa6 Rxa6 34.
Qxa6 Ra8 35. Qb6 Qc8 36. Bh3 Qe8 37. Qc7 h6 38. Qd6 Ra4 39. Rd4 Ra1+ 40. Kg2
Qf7 41. Qf4 Qe8 42. Bf5 Ra8 43. Qd6 Qh5 44. g4 Qe8 45. Qe6 Rd8 46. Qxe8+ Rxe8
47. h5 Kg8 48. Rd1 Kf7 49. Bg6+ 1-0

[Event "Memorial Kurnosov 2018 Rapid"]
[Site "?"]
[Date "2018.09.08"]
[Round "6.9"]
[White "Bocharov, Ivan"]
[Black "Ivanov, Andrew"]
[Result "1-0"]
[WhiteElo "2625"]
[BlackElo "2423"]
[PlyCount "105"]
[EventDate "2018.??.??"]
[EventType "rapid"]

1. e4 d6 2. d4 Nf6 3. Nc3 e5 4. Nf3 Nbd7 5. Bc4 Be7 6. O-O O-O 7. Re1 c6 8. a4
a5 9. Bg5 Nb6 10. Bb3 Nfd7 11. Be3 exd4 12. Bxd4 Nc5 13. Bxc5 dxc5 14. Nd2 Be6
15. Bxe6 fxe6 16. Nf3 c4 17. Qe2 Bc5 18. e5 Bb4 19. Red1 Qe7 20. Ne4 Rad8 21.
c3 Bc5 22. Nfd2 Rd5 23. Nxc4 Nxc4 24. Qxc4 Rxe5 25. Nxc5 Rxc5 26. Qe4 Qf6 27.
Rd2 Rd5 28. Re2 Qf5 29. Rae1 Qxe4 30. Rxe4 Rd2 31. R4e2 Rxe2 32. Rxe2 Rd8 33.
f3 Rd1+ 34. Kf2 Kf7 35. Ke3 Ke7 36. Rd2 Re1+ 37. Kd4 Ra1 38. Kc5 Rxa4 39. Kb6
Rc4 40. Kxb7 a4 41. Rd3 Rc5 42. Kc7 h6 43. Rd2 g6 44. Re2 g5 45. Kb6 Rc4 46.
Re4 Rxe4 47. fxe4 Kd6 48. c4 c5 49. g4 Ke5 50. Kxc5 Kxe4 51. Kd6 e5 52. c5 Kd4
53. c6 1-0

[Event "Memorial Kurnosov 2018 Rapid"]
[Site "?"]
[Date "2018.09.08"]
[Round "6.10"]
[White "Bezgodov, Alexei"]
[Black "Maletin, Pavel"]
[Result "1/2-1/2"]
[WhiteElo "2455"]
[BlackElo "2621"]
[PlyCount "83"]
[EventDate "2018.??.??"]
[EventType "rapid"]

1. e4 e5 2. Nf3 Nc6 3. Bb5 g6 4. c3 a6 5. Ba4 d6 6. d4 Bd7 7. O-O Bg7 8. Be3
Nf6 9. Nbd2 Qe7 10. dxe5 dxe5 11. b4 b6 12. Bb3 O-O 13. Qe2 Kh8 14. Bg5 h6 15.
Bxf6 Qxf6 16. Bd5 Ra7 17. Nc4 Qe7 18. Ne3 Nd8 19. Rad1 c6 20. Bb3 a5 21. a3 b5
22. Qd2 axb4 23. axb4 Be6 24. Bxe6 Nxe6 25. Ng4 Nf4 26. g3 Qe6 27. Ngxe5 Bxe5
28. Nxe5 Nh3+ 29. Kg2 Qxe5 30. Qxh6+ Kg8 31. Qxh3 Qxc3 32. Rd7 Ra4 33. Rfd1
Qxb4 34. Qh4 Qxe4+ 35. Qxe4 Rxe4 36. Rc7 Rc4 37. Rd6 c5 38. Rdc6 b4 39. Rxc5
Rxc5 40. Rxc5 Rb8 41. Rc2 Kg7 42. Kf3 1/2-1/2

[Event "Memorial Kurnosov 2018 Rapid"]
[Site "?"]
[Date "2018.09.08"]
[Round "7.1"]
[White "Artemiev, Vladislav"]
[Black "Yudin, Sergei"]
[Result "1-0"]
[WhiteElo "2733"]
[BlackElo "2610"]
[PlyCount "93"]
[EventDate "2018.??.??"]
[EventType "rapid"]

1. e4 d6 2. Bc4 Nf6 3. d3 c6 4. Bb3 Nbd7 5. f4 Nc5 6. Nf3 e6 7. e5 Nfd7 8. O-O
Be7 9. d4 Nxb3 10. axb3 O-O 11. Nc3 c5 12. Nb5 Qb6 13. Nxd6 Bxd6 14. exd6 Qxd6
15. Be3 cxd4 16. Nxd4 a6 17. Nf5 Qxd1 18. Ne7+ Kh8 19. Rfxd1 Nf6 20. c4 Re8 21.
Nxc8 Raxc8 22. h3 h5 23. Bd4 Red8 24. Kf2 Kg8 25. Ke3 Kf8 26. Bc3 Ke7 27. Bb4+
Ke8 28. Rxd8+ Rxd8 29. Bc3 Ke7 30. b4 Rc8 31. Kd3 g6 32. Ra5 Rd8+ 33. Ke3 Rc8
34. Kd3 Rd8+ 35. Bd4 Nd7 36. Kc3 Kd6 37. b5 axb5 38. Rxb5 Kc7 39. Ra5 Re8 40.
b4 f6 41. c5 e5 42. fxe5 Nxe5 43. b5 Nd7 44. Ra7 Ne5 45. c6 Rb8 46. Bxe5+ fxe5
47. Rxb7+ 1-0

[Event "Memorial Kurnosov 2018 Rapid"]
[Site "?"]
[Date "2018.09.08"]
[Round "7.2"]
[White "Bocharov, Ivan"]
[Black "Andreikin, Dmitry"]
[Result "1-0"]
[WhiteElo "2590"]
[BlackElo "2731"]
[PlyCount "139"]
[EventDate "2018.??.??"]
[EventType "rapid"]

1. e4 c5 2. Nf3 e6 3. d4 cxd4 4. Nxd4 a6 5. c4 Nf6 6. Nc3 Bb4 7. Qd3 d6 8. Nc2
Ba5 9. b4 Bc7 10. Be2 Nbd7 11. f4 b6 12. Bf3 Bb7 13. O-O Qb8 14. Be3 O-O 15.
Rad1 Rd8 16. Qe2 a5 17. a3 Nf8 18. Nd4 axb4 19. axb4 Rc8 20. Ndb5 Ne8 21. f5
Bd8 22. fxe6 Nxe6 23. Bg4 Bc6 24. Qf2 Bf6 25. Nd5 Bxb5 26. cxb5 Rc4 27. Nxb6
Rxe4 28. Bf5 Rxb4 29. Nxa8 Qxa8 30. Rb1 Ra4 31. b6 Qb7 32. Qc2 Ra5 33. Bxh7+
Kh8 34. Be4 d5 35. Rf5 Nd6 36. Rh5+ Kg8 37. Bf3 g6 38. Rxd5 Rxd5 39. Qb3 Nd4
40. Qxd5 Ne2+ 41. Kf2 Qxd5 42. Bxd5 Nc3 43. b7 Nxb7 44. Bxf7+ Kxf7 45. Rxb7+
Ke6 46. Kf3 Nd5 47. Ra7 Nb4 48. Bd2 Nc6 49. Ra6 Kd5 50. Bf4 Bc3 51. Kg4 Bf6 52.
h3 Be7 53. Ra1 Ke6 54. Re1+ Kf7 55. Kf3 Nd4+ 56. Ke4 Ne6 57. Be3 Nc7 58. Rc1
Ne8 59. Bd4 Nd6+ 60. Kd5 Nf5 61. Rf1 Ke8 62. Bc5 Bxc5 63. Kxc5 Ke7 64. Rxf5
gxf5 65. Kd4 Kf6 66. Ke3 Kg5 67. Kf3 Kg6 68. Kf4 Kf6 69. h4 Kg6 70. g3 1-0

[Event "Memorial Kurnosov 2018 Rapid"]
[Site "?"]
[Date "2018.09.08"]
[Round "7.3"]
[White "Riazantsev, Alexander"]
[Black "Shcherbakov, Ruslan"]
[Result "0-1"]
[WhiteElo "2703"]
[BlackElo "2545"]
[PlyCount "82"]
[EventDate "2018.??.??"]
[EventType "rapid"]

1. d4 Nf6 2. c4 e6 3. Nc3 Bb4 4. e3 O-O 5. Nf3 b6 6. Bd3 Bb7 7. O-O Bxc3 8.
bxc3 c5 9. Nd2 Nc6 10. Bb2 d6 11. e4 e5 12. d5 Ne7 13. g3 g5 14. f3 Ng6 15. Rf2
Bc8 16. Nf1 h6 17. Ne3 Kg7 18. Bc1 Rg8 19. Nf5+ Bxf5 20. exf5 Nf8 21. h4 N8h7
22. Rh2 Kf8 23. hxg5 hxg5 24. g4 Ke7 25. Be3 Qe8 26. Kg2 Kd8 27. Qc2 Kc7 28.
Rah1 Rg7 29. Rh6 Qd7 30. Qd1 Rag8 31. R1h3 Qe7 32. Qa4 Kb8 33. Bc2 e4 34. Bb1
exf3+ 35. Kxf3 Re8 36. Ke2 Nxg4 37. f6 Nhxf6 38. Rh8 Rgg8 39. Rxg8 Nxg8 40. Bf5
Nxe3 41. Bd7 Nxc4+ 0-1

[Event "Memorial Kurnosov 2018 Rapid"]
[Site "?"]
[Date "2018.09.08"]
[Round "7.4"]
[White "Oparin, Grigoriy"]
[Black "Iljiushenok, Ilia"]
[Result "1/2-1/2"]
[WhiteElo "2665"]
[BlackElo "2563"]
[PlyCount "104"]
[EventDate "2018.??.??"]
[EventType "rapid"]

1. Nf3 Nf6 2. g3 g6 3. Bg2 Bg7 4. c4 O-O 5. Nc3 d6 6. O-O a6 7. Rb1 Nc6 8. d3
e5 9. b4 h6 10. a4 Be6 11. b5 axb5 12. axb5 Ne7 13. Qb3 c6 14. bxc6 bxc6 15.
Nd2 d5 16. Ba3 Re8 17. Rfc1 Nf5 18. cxd5 cxd5 19. Nb5 Qa5 20. Nc7 Qxd2 21. Nxe8
Rxe8 22. Rc2 Qa5 23. Bc5 Nd7 24. Qb4 Qxb4 25. Bxb4 Rb8 26. e3 d4 27. e4 Ne7 28.
Rbb2 Bf8 29. f4 f6 30. h4 h5 31. Kh2 Kf7 32. Bh3 Bxh3 33. Kxh3 Ng8 34. Rc7 Ke8
35. Ba3 Bxa3 36. Rxb8+ Nxb8 37. Rc8+ Kf7 38. Rxb8 Bd6 39. Rb6 Ke6 40. Kg2 Ne7
41. Kf3 Kd7 42. Rb7+ Ke6 43. Rb6 Kd7 44. Rb7+ Bc7 45. Ra7 Nc6 46. Ra8 Ne7 47.
Ra6 Bd6 48. Ra7+ Ke6 49. Ra6 Kd7 50. Ra7+ Ke6 51. Ra6 Kd7 52. Ra7+ Ke6 1/2-1/2

[Event "Memorial Kurnosov 2018 Rapid"]
[Site "?"]
[Date "2018.09.08"]
[Round "7.5"]
[White "Yuffa, Daniil"]
[Black "Lysyj, Igor"]
[Result "1-0"]
[WhiteElo "2554"]
[BlackElo "2667"]
[PlyCount "79"]
[EventDate "2018.??.??"]
[EventType "rapid"]

1. d4 d5 2. c4 e6 3. Nf3 dxc4 4. Qa4+ Nd7 5. Qxc4 Ngf6 6. Bg5 a6 7. e4 h6 8.
Bh4 b5 9. Qc6 Rb8 10. Bxf6 gxf6 11. Nbd2 Bb7 12. Qc2 c5 13. d5 c4 14. Be2 Bg7
15. O-O O-O 16. Rfd1 Qe7 17. Nf1 f5 18. exf5 exd5 19. Ne3 Nf6 20. Rd4 Rfe8 21.
Rad1 Rbd8 22. g4 Nh7 23. h4 Bxd4 24. Rxd4 Qc7 25. Qd2 Re4 26. Ng2 Qe7 27. Bd1
Qf6 28. Bc2 Rxd4 29. Nxd4 Re8 30. f4 Nf8 31. g5 hxg5 32. hxg5 Qh8 33. f6 Qh3
34. Nf5 Ne6 35. Nh6+ Kh8 36. Nxf7+ Kg8 37. Nh6+ Kh8 38. Bf5 Qf3 39. f7 Rf8 40.
Bxe6 1-0

[Event "Memorial Kurnosov 2018 Rapid"]
[Site "?"]
[Date "2018.09.08"]
[Round "7.7"]
[White "Goganov, Aleksey"]
[Black "Kokarev, Dmitry"]
[Result "0-1"]
[WhiteElo "2544"]
[BlackElo "2663"]
[PlyCount "118"]
[EventDate "2018.??.??"]
[EventType "rapid"]

1. d4 Nf6 2. c4 g6 3. Nf3 Bg7 4. g3 O-O 5. Bg2 c6 6. O-O d5 7. Qb3 Qb6 8. Nc3
Rd8 9. Rd1 dxc4 10. Qxc4 Be6 11. Qa4 Na6 12. Bd2 c5 13. Be1 Rac8 14. Qb5 Nd5
15. Qxb6 axb6 16. e4 Nxc3 17. Bxc3 b5 18. d5 Bg4 19. h3 Bxf3 20. Bxf3 c4 21. e5
Nc5 22. Bg4 Ra8 23. f4 Nd3 24. Bf3 f6 25. Be4 fxe5 26. Bxd3 cxd3 27. Rxd3 exf4
28. Bxg7 Kxg7 29. gxf4 Ra4 30. Rc1 Rxa2 31. Rc7 Kf6 32. Rd2 b6 33. Rb7 Rd6 34.
Kf2 e6 35. Rxh7 Rxd5 36. Re2 Ra4 37. Rb7 Rxf4+ 38. Kg3 Re5 39. Rd2 Rb4 40. Rxb6
Rb3+ 41. Kg2 Rg5+ 42. Kh2 b4 43. Rf2+ Rf5 44. Re2 Re5 45. Rf2+ Ke7 46. Rb7+ Kd6
47. Rd2+ Kc5 48. Rc7+ Kb5 49. Rb7+ Kc6 50. Rg7 Rh5 51. Rxg6 Rbxh3+ 52. Kg1 Rh1+
53. Kf2 R1h2+ 54. Ke1 Re5+ 55. Kd1 Rxd2+ 56. Kxd2 Kc5 57. Kd3 Rd5+ 58. Kc2 e5
59. Re6 Kc4 0-1

[Event "Memorial Kurnosov 2018 Rapid"]
[Site "?"]
[Date "2018.09.08"]
[Round "7.8"]
[White "Ovetchkin, Roman"]
[Black "Pridorozhni, Aleksei"]
[Result "0-1"]
[WhiteElo "2489"]
[BlackElo "2659"]
[PlyCount "80"]
[EventDate "2018.??.??"]
[EventType "rapid"]

1. d4 d5 2. c4 e6 3. Nf3 c6 4. Qc2 Nf6 5. g3 dxc4 6. Qxc4 b5 7. Qb3 Bb7 8. Bg2
Nbd7 9. O-O a6 10. Ne5 Nxe5 11. dxe5 Nd7 12. Rd1 Qc7 13. Bf4 Be7 14. Nc3 O-O
15. Ne4 Nc5 16. Nxc5 Bxc5 17. Qc3 Qb6 18. Be3 Bxe3 19. Qxe3 Qxe3 20. fxe3 Rfd8
21. Rd6 Rxd6 22. exd6 Kf8 23. Rc1 Rc8 24. b4 Ke8 25. e4 f6 26. e5 fxe5 27. Be4
g6 28. g4 Kd7 29. Rd1 a5 30. a3 axb4 31. axb4 g5 32. Kg2 h6 33. Kg3 Ra8 34. e3
Ra4 35. Rf1 Rxb4 36. Rf7+ Kxd6 37. Bg2 Bc8 38. Rh7 c5 39. Rxh6 c4 40. Be4 c3
0-1

[Event "Memorial Kurnosov 2018 Rapid"]
[Site "?"]
[Date "2018.09.08"]
[Round "7.9"]
[White "Maletin, Pavel"]
[Black "Yakovich, Yuri"]
[Result "0-1"]
[WhiteElo "2621"]
[BlackElo "2502"]
[PlyCount "82"]
[EventDate "2018.??.??"]
[EventType "rapid"]

1. c4 e6 2. Nf3 d5 3. b3 d4 4. e3 c5 5. exd4 cxd4 6. g3 Nc6 7. Bg2 Nf6 8. O-O
Bc5 9. d3 O-O 10. Bg5 h6 11. Bxf6 Qxf6 12. a3 a5 13. Nbd2 Qe7 14. Qc1 e5 15.
Ne4 Bf5 16. Nh4 Bh7 17. Re1 Rfe8 18. Bh3 b6 19. Nf5 Qf8 20. f4 Rad8 21. Rf1 Kh8
22. Ra2 g6 23. Nh4 f5 24. Nxc5 bxc5 25. fxe5 Nxe5 26. Qd2 g5 27. Nxf5 g4 28.
Nh4 Nf3+ 29. Nxf3 gxf3 30. Qd1 Re3 31. Bg4 Bxd3 32. Rxf3 Qe7 33. Rxe3 Qxe3+ 34.
Kg2 a4 35. bxa4 Bxc4 36. Rf2 Bd5+ 37. Bf3 Rf8 38. Qf1 Rxf3 39. Rxf3 d3 40. Qf2
Qe2 41. g4 Bxf3+ 0-1

[Event "Memorial Kurnosov 2018 Rapid"]
[Site "?"]
[Date "2018.09.08"]
[Round "7.10"]
[White "Belyakov, Bogdan"]
[Black "Bocharov, Dmitry"]
[Result "1-0"]
[WhiteElo "2496"]
[BlackElo "2619"]
[PlyCount "81"]
[EventDate "2018.??.??"]
[EventType "rapid"]

1. e4 d6 2. d4 Nf6 3. Nc3 g6 4. f4 Bg7 5. Nf3 O-O 6. Bd3 Nc6 7. O-O Bg4 8. e5
Nd7 9. Be4 Nb6 10. h3 Bxf3 11. Bxf3 e6 12. a4 a6 13. a5 Nc8 14. Ne4 N8e7 15. c3
d5 16. Nc5 b6 17. axb6 cxb6 18. Nd3 f6 19. exf6 Rxf6 20. Qe1 Ra7 21. Be3 Kh8
22. Bf2 Qc8 23. Qe2 Rf8 24. Rfe1 Nd8 25. Bh4 Bf6 26. Bxf6+ Rxf6 27. g4 Kg8 28.
Kg2 a5 29. Qe5 Rf7 30. Qg5 Nec6 31. Re2 Kg7 32. Rae1 Rf6 33. Qh4 Re7 34. Bxd5
a4 35. Be4 Rc7 36. d5 exd5 37. Bxd5 Qd7 38. c4 Qd6 39. g5 Rf8 40. Qh6+ Kh8 41.
Re7 1-0